Yoga và du lịch

Sparad:
Bibliografiska uppgifter
Huvudupphovsman:  Vũ, Trọng Lợi
Materialtyp: Sách
Språk:Undetermined
Publicerad:  Thể thao và Du lịch  2020
Ämnen:
Taggar: Lägg till en tagg
Inga taggar, Lägg till första taggen!
Thư viện lưu trữ: Trung tâm Thư viện - Trường Đại học Công nghiệp TP. Hồ Chí Minh
LEADER 00505nam a2200157Ia 4500
001 UIH_06831
008 231011s9999 xx 000 0 und d
082 |a  613.7046 
100 |a  Vũ, Trọng Lợi 
245 0 |a  Yoga và du lịch 
245 0 |c  Vũ, Trọng Lợi 
260 |b  Thể thao và Du lịch 
260 |c  2020 
650 |a  Chăm sóc sức khỏe; Yoga;  
927 |a Sách 
980 |a Trung tâm Thư viện - Trường Đại học Công nghiệp TP. Hồ Chí Minh